Κρυφές αντοχές : διηγήματα

Saved in:
Bibliographic Details
Main Author: Χαρπαντίδης, Κοσμάς Ι. 1959-
Format: Book
Language:Greek
Published: Αθήνα : Μεταίχμιο, 2011.
Series:Ελληνική πεζογραφία (Μεταίχμιο)
Subjects:
Tags: Add Tag
No Tags, Be the first to tag this record!

MARC

LEADER 00000cam a2200000 a 4500
001 1/115219
008 171011t2011####gr | ||| |||| ||gre||
020 |a 9789605015145 
040 |a GR-MyUa  |b gre  |c GR-MyUa  |e AACR2 
041 0 |a gre 
082 7 |a 889.3   |2 (23) 
100 1 |a Χαρπαντίδης, Κοσμάς Ι.   |d 1959- 
245 1 0 |a Κρυφές αντοχές :   |b διηγήματα /   |c Κοσμάς Χαρπαντίδης.  
260 |a Αθήνα :   |b Μεταίχμιο,   |c 2011.  
300 |a 196 σ. ;   |c 21 εκ.  
490 1 |a (Ελληνική πεζογραφία / Μεταίχμιο) 
650 0 |a Greek fiction, Modern  |y 20th century. 
830 0 |a Ελληνική πεζογραφία (Μεταίχμιο) 
852 |a INST  |b SAMOS  |e 20171011  |h 889.3 ΧΑΡ  |p 005300044853  |q 005300044853  |t BK  |y 0 
970 |a Γουβάλα  |b Βάσω  |z 11-10-2017